The cremator /

Hlavní autor: Fuks, Ladislav, 1923-1994
Další autoři: Kandler, Eva M., Chitnis, Rajendra A., 1972-
Jazyk: Angličtina
Vydáno: Prague : Karolinum Press, 2016
Vydání: Second english edition, first by Karolinum
Edice: Modern Czech classics
Témata:
Fyzický popis: 180 stran ; 19 cm
Knihy
Uloženo v:
LEADER 01603nam a2200433 i 4500
001 nkc20162858154
003 CZ PrNK
005 20190410104810.0
007 ta
008 161125s2016 xr g 000 f eng
015 |a cnb002858154 
020 |a 978-80-246-3290-2  |q (brožováno) 
035 |a (OCoLC)970639247 
040 |a OLA001  |b cze  |d ABA001  |e rda 
041 1 |a eng  |h cze 
072 7 |a 821.162.3-3  |x Česká próza  |2 Konspekt  |9 25 
080 |a 821.162.3-31  |2 MRF 
080 |a (0:82-31)  |2 MRF 
100 1 |a Fuks, Ladislav,  |d 1923-1994  |7 jk01032159  |4 aut 
240 1 0 |a Spalovač mrtvol.  |l Anglicky  |7 aun2013778915 
245 1 4 |a The cremator /  |c Ladislav Fuks ; translation from the Czech by Eva M. Kandler ; afterword by Rajendra Chitnis 
250 |a Second english edition, first by Karolinum 
264 1 |a Prague :  |b Karolinum Press,  |c 2016 
300 |a 180 stran ;  |c 19 cm 
336 |a text  |b txt  |2 rdacontent 
337 |a bez média  |b n  |2 rdamedia 
338 |a svazek  |b nc  |2 rdacarrier 
490 1 |a Modern Czech classics 
655 7 |a české romány  |7 fd133974  |2 czenas 
655 9 |a Czech fiction  |2 eczenas 
700 1 |a Kandler, Eva M.  |7 pna2016932935  |4 trl 
700 1 |a Chitnis, Rajendra A.,  |d 1972-  |7 xx0071827  |4 waw 
830 0 |a Modern Czech classics  |0 s 
910 2 |a BOA001  |b 1-1380.311 
990 |a BK 
995 |a 01 
991 |b 201701  |c NOV  |x 99 
996 6 |b 2610692230  |c 1-1380.311  |l MZK  |r Sklad / do 1 hodiny  |n 0  |p p.v.  |w 001591628  |u 000010  |a 1  |e BOA001  |j MZK50  |s P 
996 7 |b 2610695446  |c 1-1380.311  |l Anglická knihovna/2.patro  |r ZHR  |n 11  |p kup  |h FT-fuk  |w 001591628  |u 000020  |a 0  |e BOA001  |j MZK50  |s A